ბათუმის შოთა რუსთაველის სახელმწიფო უნივერსიტეტის ბიბლიოთეკა

საბიბლიოთეკო საქმე. (ბიბ.ჩანაწერი № 55495)

000 -LEADER
fixed length control field 00622nam a2200205Ia 4500
001 - CONTROL NUMBER
control field 22577
003 - CONTROL NUMBER IDENTIFIER
control field GE_BSU
008 - FIXED-LENGTH DATA ELEMENTS--GENERAL INFORMATION
fixed length control field 181216s||||||||xx |||||||||||||| ||und||
040 ## - CATALOGING SOURCE
Transcribing agency GE_BSU
080 ## - UNIVERSAL DECIMAL CLASSIFICATION NUMBER
Universal Decimal Classification number 02
100 ## - MAIN ENTRY--PERSONAL NAME
Personal name გაიპარაშვილი,ზ. გიორგაძე, თ., და სხვ.
245 ## - TITLE STATEMENT
Title საბიბლიოთეკო საქმე.
260 ## - PUBLICATION, DISTRIBUTION, ETC.
Place of publication, distribution, etc. თბილისი
260 ## - PUBLICATION, DISTRIBUTION, ETC.
Date of publication, distribution, etc. 2015
300 ## - PHYSICAL DESCRIPTION
Extent 229გვ. ; 30სმ.
653 ## - INDEX TERM--UNCONTROLLED
Uncontrolled term საბიბლიოთეკო საქმე.
653 ## - INDEX TERM--UNCONTROLLED
Uncontrolled term ქსეროქსი
942 ## - ADDED ENTRY ELEMENTS (KOHA)
Koha item type წიგნი
ეგზემპლარები
Withdrawn status Lost status Damaged status Not for loan Date acquired Barcode Date last seen Price effective from Koha item type Public note
        2018-12-17 00507 ქსერ 2018-12-17 2018-12-17 წიგნი ქსეროქსი